000 00451nam a2200157Ia 4500
005 20250703014111.0
008 240331s9999 xx 000 0 und d
020 _a9558033662
082 _bSAS
_a891
100 _aSesan,G.P
245 0 _aKudu kirillee,Arabiye diyaniyo,Welikathre kumari
260 _aDehiwala
_bVidarshana Publishers
_c2004
300 _a249 p .,
500 _aTranslation of Princess of the Sand dunes by Jean P sasson
942 _cL
999 _c4870
_d4870